000 00866nam a22001817a 4500
999 _c61034
_d61034
005 20231211094621.0
008 231211s1967 ru ||||| |||| 00| 0 rus d
041 _arus
080 _a902.2 Б-68
100 _aБлаватский, В.
_920092
245 _aАнтичная полевая археология /
_cВ.Д. Блаватский; Ответственный редактор М.М. Кобылина; Академия Наук СССР, Институт археологии.
264 _aМосква :
_b Наука,
_c1967.
300 _a208 с. :
_bрис.;
_c20 см.
653 _aანტიკური არქეოლოგია
700 _aКобылина, М.М.
_eრედაქტორი
_920644
710 _aАкадемия Наук СССР.
_dИнститут археологии.
_920645
942 _2udc
_cᲬᲘᲒᲜᲘ